Europäische Politiker - Statistiken

Allgemein
  • Dieses Quiz wurde 554 mal gespielt
  • Das Durchschnittsergebnis liegt bei 12 aus 16
Antwortstatistiken
Bildquiz Hint Antwort % Korrekt
Deutschland / * 1954 Angela Merkel
100%
Russland / * 1952 Wladimir Putin
100%
Österreich, Deutschland / 1889-1945 Adolf Hitler
99%
Deutschland / * 1958 Ursula von der Leyen
94%
Vereinigtes Königreich / 1874-1965 Winston Churchill
93%
Ukraine / * 1978 Wolodymyr Selenskyj
90%
Italien / 1883-1945 Benito Mussolini
86%
Deutschland / 1815-1898 Otto von Bismarck
86%
Russland / 1870-1924 Wladimir Lenin
85%
Italien / 100-44 v.Chr. Gaius Iulius Caesar
82%
Vereinigtes Königreich / 1925-2013 Margaret Thatcher
80%
Spanien / 1892-1975 Francisco Franco
69%
Kroatien / 1892-1980 Josip Tito
50%
Frankreich / 1758-1794 Maximilien de Robespierre
29%
Polen / * 1943 Lech Wałęsa
26%
Rumänien / 1918-1989 Nicolae Ceaușescu
17%
Keine übereinstimmenden Quizze gefunden
Verteilung der Resultate
Anzahl Personen mit jedem Resultat
Perzentil nach korrekt beantworteten Fragen
Ihre Resultats-Entwicklung
Sie haben dieses Quiz noch nicht gespielt